Ricostruisci la Carriera del Calciatore - Filippo Inzaghi - Statistics

Statistiche generali
  • Questo quiz è stato fatto 31 volte
  • Il punteggio medio è 4 su 8
Statistiche sulle risposte
Hint Risposta % Corretto
2001-2012 Milan
81%
1997-2001 Juventus
76%
1991-1992 Piacenza
62%
1996-1997 Atalanta
52%
1992-1993 Leffe
48%
1995-1996 Parma
43%
1993-1994 Verona
33%
1994-1995 Piacenza
24%
Nessun quiz corrispondente trovato
Distribuzione punteggi
Percentuale di utenti per punteggio
Percentile per numero di risposta
I tuoi punteggi nel tempo
Non hai fatto questo quiz